书目信息 |
| 书名: | Sensation and perception | |
| 作者: | E. Bruce Goldstein | |
| 分册号: | ||
| 分册名: | 出版地: | [Pacific Grove, CA] : |
|
| 出版社: | Brooks/Cole Publishing Company | |
| 出版时间: | c1996. | |
| 页数: | xxxii, 681 p. : | |
| 开本: | 24 cm. | |
| 丛书名: | ||
| 中图分类号: | ||
| 科图分类号: | ||
| 其他分类号: | Q43 | |
| 主题词: | ||
| 电子资源: | ||
| 000 | 01249nam 2200409 a 4500 | |
| 001 | E0754939448 | |
| 003 | OCoLC | |
| 005 | 20070513152528.25 | |
| 008 | uu | |
| 008 | 001 0 eng | |
| 008 | 96 | |
| 008 | 1996 | |
| 010 | @a? 01026542 | |
| 016 | 7 | @a101129579 @2DNLM |
| 020 | @a0534539645. | |
| 040 | @aDLC @cDLC @dNLM | |
| 042 | @apcc | |
| 049 | @aN5LA | |
| 050 | 00 | @aQP431 @b.G64 2002 |
| 060 | 00 | @a2001 L-359 |
| 060 | 10 | @aWL 702 @bG624s 2002 |
| 082 | 00 | @a152.1 @221 |
| 090 | @a2-2002/Q43/G624/2002//////1333316 | |
| 090 | @aQ43 | |
| 096 | @aQ43 @v4 | |
| 099 | @dQ43@ex12=4 | |
| 100 | 1 | @aGoldstein, E. Bruce, @d1941- |
| 245 | 10 | @aSensation and perception / @cE. Bruce Goldstein |
| 250 | @a4th ed. | |
| 260 | @a[Pacific Grove, CA] :@bBrooks/Cole Publishing Company,@cc1996. | |
| 300 | @axxxii, 681 p. :@bill. (some col.), ports. ;@c24 cm. | |
| 504 | @aIncludes bibliographical references (p. 621-654) and index. | |
| 650 | 0 | @aSenses and sensation. |
| 650 | 22 | @aPerception. @b00 @c20020930 @lNLC09 @h2256 @b00 @c20021104 @lNLC09 @h1251 @lNLC09 @h0055 @lNLC09 @h2053 |
| 650 | 0 | @aPerception. |
| 650 | 12 | @aSensation. |
| 852 | 9 | @bWWJC @cJ09 @k2-2002 @hQ43 @iG624/2002 |
| Sensation and perception / / E. Bruce Goldstein.-4th ed.-[Pacific Grove, CA] : : Brooks/Cole Publishing Company, , c1996. |
| xxxii, 681 p. : : ill. (some col.), ports. ; ; 24 cm. |
| Includes bibliographical references (p. 621-654) and index. |
| ISBN 0534539645. |
| ● |
| 相关链接 |
|
|
|
|
正题名:Sensation and perception
索取号:Q43/x12=4
 
预约/预借
| 序号 | 登录号 | 条形码 | 馆藏地/架位号 | 状态 | 备注 |
| 1 | 8474 | 300084744 | 第二样本阅览室/ [索取号:Q43/x12=4] | 在馆 | |
| 2 | 8475 | 300084753 | 第四借阅区/ [索取号:Q43/x12=4] | 在馆 |